Guess the Movie - Minimalistic Pictures #17 - Statistics

General Stats
  • This quiz has been taken 44 times
  • The average score is 7 of 20
Answer Stats
Picture Hint Answer % Correct
1998 The Truman Show
81%
2020 Soul
65%
2009 Monsters vs. Aliens
59%
2014 The Maze Runner
59%
1964 Rudolph the Red-Nosed Reindeer
57%
2010 Salt
57%
1987 Dirty Dancing
54%
1998 Mulan
43%
2009 Sherlock Holmes
38%
1985 The Breakfast Club
35%
1984 Footloose
30%
2003 Bruce Almighty
24%
1998 Rush Hour
22%
2010 The Town
19%
2014 Lucy
14%
2002 8 Mile
5%
2011 Cowboys & Aliens
5%
1999 The Thomas Crown Affair
5%
2000 Erin Brockovich
3%
2014 Transcendence
3%
No matching quizzes found
Score Distribution
Percent of People with Each Score
Percentile by Number Answered
Your Score History
You have not taken this quiz